| 000 | 00750nam a22002057a 4500 | ||
|---|---|---|---|
| 005 | 20240530110919.0 | ||
| 008 | 220221s2009 ua a g b 000 0 ara d | ||
| 040 |
_aEG-CaGPL _cEG-CaGPL |
||
| 082 | 0 | 4 |
_221 _a333.3322\ _bح ت |
| 100 | 0 | _aحسين محمد جمعة | |
| 245 | 1 | 2 |
_aالتسويق العقارى الحديث / _cتاليف حسين محمد جمعة |
| 250 | _aط.1 | ||
| 260 |
_aالقاهرة : _bجمعية الحفاظ على الثروة العقارية والتنمية المعمارية، _c2007 |
||
| 300 |
_a271 ص؛ _c24 سم |
||
| 650 | 0 | 7 |
_aالتوثيق العقارى _2qrmak |
| 650 | 0 | 7 | _aالتسويق العقارى |
| 651 | _2qrmak | ||
| 942 |
_2ddc _cBK |
||
| 999 |
_c66445 _d66445 |
||